| 000 | 00688nam a22002177a 4500 | ||
|---|---|---|---|
| 005 | 20210531110006.0 | ||
| 008 | 210531b mx ||||| |||| 00| 0 spa d | ||
| 020 | _a8425218101 | ||
| 050 | 0 | 4 |
_aSB469.37 _bB76 2000 |
| 100 | 1 | _aBrown, Jane | |
| 240 | 1 | 0 |
_athe modern garden. _lEspañol |
| 245 | 1 | 3 |
_aEl jardin moderno _c/ Jane Brown ; fotografías de Sofía Brignone y Alan Ward |
| 250 | _a1a ed. | ||
| 260 |
_aBarcelona, España : _bGustavo Gili, _c2000 |
||
| 300 |
_a224 p. : _bil. ; _c27 cm. |
||
| 500 | _aIncluye bibliografía e índice | ||
| 650 | 7 |
_2lemb _aArquitectura del paisaje |
|
| 700 | 1 |
_aBrignone, Sofía _efotografa |
|
| 700 | 1 | _aWard, Alan | |
| 942 |
_2lcc _cLIE |
||
| 999 |
_c155897 _d155895 |
||